Score 0/13 Timer 06:00
0 Plays Today
Votes Against Castaway % Correct
Bob, SugarMatty
98.8%
Crystal, Dan, GC, Ken, Matty, Randy, SusieGillian
97%
Bob, Matty, Sugar, SusieCrystal & Ken
95.8%
Crystal, Ken, Matty, Sugar, SusieCharlie & Randy
95.2%
Crystal, Ken, SugarAce
94%
Crystal, Ken, SusieMarcus
94%
Crystal, Matty, Sugar, SusieCorinne
94%
Ace, Crystal, Kelly, Ken, Matty, SugarGC
93.4%
Bob, Charlie, Corinne, SusieDan
91.6%
Crystal, Dan, GC, Gillian, Ken, Matty, Randy, SusieMichelle
91%
Ace, Crystal, Ken, Matty, SugarKelly
91%
Ace, Bob, Charlie, Corinne, Jacquie, Marcus, SugarPaloma
90.4%
Crystal, GC, Kelly, Ken, MattyJacquie
89.2%
Come Together.
Have Fun.
All Virtual.
We all need to come together. Play Sporcle's virtual live trivia to have fun, connect with people, and get your trivia on. Join a live hosted trivia game for your favorite pub trivia experience done virtually. If a virtual private party is more your thing, go here for details.

You're not logged in!

Compare scores with friends on all Sporcle quizzes.
OR
Log In

Sporcle TV

Today on Sporcle TV


Watch our educational content, quiz creation guides, and fun videos on Sporcle TV.

Show Comments

Extras

Top Quizzes Today


Score Distribution

Paid Content

Your Account Isn't Verified!

In order to create a playlist on Sporcle, you need to verify the email address you used during registration. Go to your Sporcle Settings to finish the process.

Report this User

Report this user for behavior that violates our Community Guidelines.

Details: